Kansas Airports - Statistics

General Stats
  • This quiz has been taken 8 times
  • The average score is 9 of 15
Answer Stats
Airport % Correct
Manhattan
100%
Wichita Dwight D. Eisenhower
100%
Dodge City
88%
Lawrence
88%
Salina
88%
Topeka
88%
Hays
75%
Hutchinson
75%
Garden City
63%
Liberal Mid-America
38%
Great Bend
25%
Johnson County Executive
25%
Colonel James Jabara
0%
New Century
0%
Newton-City-County
0%
No matching quizzes found
Score Distribution
Percent of People with Each Score
Percentile by Number Answered
Your Score History
You have not taken this quiz